Statistics for stardew valley OST

Click here to take the quiz!

General Stats

  • This quiz has been taken 15 times
  • The average score is 12 of 100

Answer Stats

numberAnswer% Correct
1Stardew Valley Overture
67%
15Summer (tropicala)
67%
41A sad song (alex's theme)
33%
2Cloud Country
33%
19Dance of the Moonlight Jellies
33%
20Fall (the smell of mushroom)
33%
3Grandpa's Theme
33%
44Grapefruit Sky (dr. harvey's theme)
33%
79Grapefruit Sky (pasta primavera mix)
33%
67Journey of the Prairie King (overworld)
33%
68Journey of the Prairie King (the outlaw)
33%
87JunimoKart (title theme)
33%
99Leo's Song
33%
61Mines (cloth)
33%
60Mines (marimba of frozen bones)
33%
8Pelican Town
33%
49Sam's Band (bluegrass version)
33%
47Sam's Band (electronic version)
33%
50Sam's Band (heavy version)
33%
48Sam's Band (pop version)
33%
4Settling in
33%
73Song of Feathers (emily's theme)
33%
5Spring (it's a big world outside)
33%
6Spring (the valley comes alive)
33%
7Spring (wild horseradish jam)
33%
13Summer (natures crescendo)
33%
14Summer (the sun can bend an orange sky)
33%
80The Happy Junimo Show Theme
33%
54Violin Solo
33%
95Volcano Mines (forgotten world)
33%
29Winter (ancient)
33%
27Winter (nocturne of ice)
33%
28Winter (the wind can be still)
33%
51A Dark Corner of the Past
0%
12A Glimpse of the Other World (wizards theme)
0%
31A Golden Star is Born
0%
45Alex's Keepsake
0%
39A Stillness in the rain (abigail's theme)
0%
46Band Practice
0%
35Buttercup Melody
0%
33Calico desert
0%
32Country Shop
0%
82Crane Game
0%
11Distant Banjo
0%
72Dreamscape
0%
43Echos (sebastian's theme)
0%
74Emily's Dance
0%
84Exploring Our Vibrant World (movie theme)
0%
21Fall (ghost synth)
0%
22Fall (raven's decent)
0%
25Festival game
0%
9Flower Dance
0%
71Frozen Pizza and Eggs (shane's theme)
0%
10Fun Festival
0%
92Ginger Island
0%
66In the Deep Woods
0%
53Jaunty
0%
69Journey of the Prairie King (final boss & ending)
0%
90JunimoKart (ghastly galleon)
0%
91JunimoKart (glowshroom Grotto)
0%
89JunimoKart (slomp's stomp)
0%
88JunimoKart (the gem sea giant)
0%
38Land of Green and Gold (leah's theme)
0%
70Load Game
0%
18Luau Festival
0%
77Mermaid Song
0%
57Mines (a flicker in the deep)
0%
56Mines (crystal balls)
0%
65Mines (danger!)
0%
59Mines (icicles)
0%
64Mines (magical shoes)
0%
58Mines (star lumpy)
0%
63Mines (the lava dwellers)
0%
62Mines (visitor to the unknown)
0%
81Movie Theater
0%
86Movie Theater (closing time)
0%
52Music Box Song
0%
96Mystery of the Caldera
0%
75Night Market
0%
37Piano Solo (elliot's theme)
0%
42Pickle Jar Rag (haley's theme)
0%
98Pirate Theme
0%
34Playful
0%
36Pleasant Memory (penny's theme)
0%
93Professor Snail's Radio
0%
26Spirit's Eve Festival
0%
24Stardew Valley Fair Theme
0%
40Starwatcher (maru's theme)
0%
76Submarine Theme
0%
100!Summit Celebration
0%
78Sun Room (alone with relaxing tea)
0%
16The Adventure Guild
0%
97The Gourmand's Cave
0%
23The Library and Museum
0%
17The Stardrop Saloon
0%
85The Zuzu City Express (movie theme)
0%
94Volcano Mines (molten jelly)
0%
55Wedding Celebration
0%
30Winter Festival
0%
83Wumbus (movie theme)
0%

Score Distribution

Percentile by Number Answered

Percent of People with Each Score

Your Score History

You have not taken this quiz